000 00471nam a2200181Ia 4500
001 7710
005 20260306160515.0
008 260306t2015||||xx |||||||||||||| ||spa||
041 _aESP
082 _a354.36
_bA188
100 _aAutoridad Nacional del Agua
_eAUT
245 0 _aPlan de gestión de los recursos hídricos de la cuenca Quilca-Chili
260 _c2015
300 _a290 páginas :
_c29 cm
650 _aGEN
654 _aCIA
942 _cLIB
_dJUS
_fJUS
_2ddc
_n
999 _c7710
_d7710